<?xml version="1.0" encoding="UTF-8"?>
<record
    xmlns:xsi="http://www.w3.org/2001/XMLSchema-instance"
    xsi:schemaLocation="http://www.loc.gov/MARC21/slim http://www.loc.gov/standards/marcxml/schema/MARC21slim.xsd"
    xmlns="http://www.loc.gov/MARC21/slim">

  <leader>01915nam a2200337 i 4500</leader>
  <controlfield tag="003">DO-SdBNP</controlfield>
  <controlfield tag="005">20240523140511.0</controlfield>
  <controlfield tag="006">a|||||r|||| 001 0 </controlfield>
  <controlfield tag="007">ta</controlfield>
  <controlfield tag="008">202010e1999    dr     eri||| 001 0 spa d</controlfield>
  <datafield tag="040" ind1=" " ind2=" ">
    <subfield code="a">DO-SdBNP</subfield>
    <subfield code="b">spa</subfield>
    <subfield code="c">BNPHU</subfield>
    <subfield code="e">rda</subfield>
  </datafield>
  <datafield tag="082" ind1=" " ind2="4">
    <subfield code="a">22</subfield>
    <subfield code="b">P861c, 1999.</subfield>
  </datafield>
  <datafield tag="100" ind1="1" ind2=" ">
    <subfield code="a">Potentini Adames, Trajano Vidal&#x200F;</subfield>
    <subfield code="9">73577</subfield>
    <subfield code="e">autor</subfield>
  </datafield>
  <datafield tag="240" ind1=" " ind2=" ">
    <subfield code="a">(Leyes, etc)</subfield>
  </datafield>
  <datafield tag="245" ind1="1" ind2="0">
    <subfield code="a">C&#xF3;digo de procedimiento civil de la Rep&#xFA;blica Dominicana y  legislaci&#xF3;n complementaria : </subfield>
    <subfield code="b">(leyes n&#xFA;mero: 834, 845, 3726 de casaci&#xF3;n, 821 de organizaci&#xF3;n judicial, 91 del colegio de abogados, 58-88 y decreto 3347) /</subfield>
    <subfield code="c">Trajano Vidal Potentini</subfield>
  </datafield>
  <datafield tag="250" ind1=" " ind2=" ">
    <subfield code="a">2da. edici&#xF3;n</subfield>
    <subfield code="b">ampliada y actualizada</subfield>
  </datafield>
  <datafield tag="264" ind1=" " ind2="1">
    <subfield code="a">Moca :  Rep&#xFA;blica Dominicano :</subfield>
    <subfield code="b">Dalis ,</subfield>
    <subfield code="c">1999.</subfield>
  </datafield>
  <datafield tag="300" ind1=" " ind2=" ">
    <subfield code="a">352 p&#xE1;ginas ;</subfield>
    <subfield code="c">22 cm.</subfield>
  </datafield>
  <datafield tag="336" ind1=" " ind2=" ">
    <subfield code="2">rdacontent</subfield>
    <subfield code="a">texto</subfield>
    <subfield code="b">txt</subfield>
  </datafield>
  <datafield tag="337" ind1=" " ind2=" ">
    <subfield code="2">rdamedia</subfield>
    <subfield code="a">sin mediaci&#xF3;n</subfield>
    <subfield code="b">n</subfield>
  </datafield>
  <datafield tag="338" ind1=" " ind2=" ">
    <subfield code="2">rdacarrier</subfield>
    <subfield code="a">volumen</subfield>
    <subfield code="b">nc</subfield>
  </datafield>
  <datafield tag="500" ind1=" " ind2=" ">
    <subfield code="a">Decreto 2241 que sanciona el c&#xF3;digo de procedimiento civil de la Rep&#xFA;blica Dominicana el 17 de abril e 1884 siendo Ulises Heureaux presidente . actualizado por la comisi&#xF3;n encargada, en 1984 por el Dr. Jottin Cury, quien la presidir&#xE1; ; y los se&#xF1;ores Dra. Margarita Tavares ; Dr. Rafael Luciano Pichardo ; Dr. Luis a. Bircann R. ; y Dra. Rosina de la Cruz de Alvarado.-</subfield>
  </datafield>
  <datafield tag="500" ind1=" " ind2=" ">
    <subfield code="a">Ampliado y actualizado con la ley 38-98.-</subfield>
  </datafield>
  <datafield tag="500" ind1=" " ind2=" ">
    <subfield code="a">La presente publicaci&#xF3;n es un facs&#xED;mil de la tercera edici&#xF3;n oficial de procedimiento civil, ampliado y actualizado con leyes complementarias y realizadas de acuerdo con las disposiciones de la ley no. 32-86 de derecho de autor.-</subfield>
  </datafield>
  <datafield tag="500" ind1=" " ind2=" ">
    <subfield code="a">Contiene &#xED;ndice alfab&#xE9;tico, paginas 327-346.</subfield>
  </datafield>
  <datafield tag="500" ind1=" " ind2=" ">
    <subfield code="a">Contiene &#xED;ndice de materia.</subfield>
  </datafield>
  <datafield tag="501" ind1=" " ind2=" ">
    <subfield code="a">Primera parte : Procedimiento por ante los tribunales.-</subfield>
  </datafield>
  <datafield tag="501" ind1=" " ind2=" ">
    <subfield code="a">Segunda parte : Procedimientos diversos. </subfield>
  </datafield>
  <datafield tag="590" ind1=" " ind2=" ">
    <subfield code="a">Inventarido 2024 / MF</subfield>
  </datafield>
  <datafield tag="942" ind1=" " ind2=" ">
    <subfield code="2">ddc</subfield>
    <subfield code="c">LBS1</subfield>
  </datafield>
  <datafield tag="952" ind1=" " ind2=" ">
    <subfield code="0">0</subfield>
    <subfield code="1">0</subfield>
    <subfield code="2">ddc</subfield>
    <subfield code="5">1</subfield>
    <subfield code="7">1</subfield>
    <subfield code="a">PD</subfield>
    <subfield code="b">PD</subfield>
    <subfield code="e">Donativo</subfield>
    <subfield code="l">0</subfield>
    <subfield code="o">xxx. P861c</subfield>
    <subfield code="r">2020-10-26</subfield>
    <subfield code="w">2020-10-26</subfield>
    <subfield code="y">LBS1</subfield>
    <subfield code="z">Donado por Sugey Aquino</subfield>
  </datafield>
  <datafield tag="999" ind1=" " ind2=" ">
    <subfield code="c">48958</subfield>
    <subfield code="d">48958</subfield>
  </datafield>
</record>
